Regional'nyje osobennosti obščestvennogo vosproizvodstva (territirial'nyje aspekty vzaimozamenjajemosti proizvodstvennych resursov)

Salvato in:
Dettagli Bibliografici
Autore principale: Rutgajzer, Valerij Maksovič
Natura: Libro
Lingua:russo
Pubblicazione: Moskva Mysl' 1972
Tags: Aggiungi Tag
Nessun Tag, puoi essere il primo ad aggiungerne!!

MARC

LEADER 00000nam a2200000 4500
001 c121570
005 20041019155222.8
041 0 |a rus 
044 |a RU 
245 1 0 |a Regional'nyje osobennosti obščestvennogo vosproizvodstva  |b (territirial'nyje aspekty vzaimozamenjajemosti proizvodstvennych resursov)  |c Valerij Maksovič Rutgajzer 
264 1 |a Moskva  |b Mysl'  |c 1972 
300 |a 189 s. 
100 1 |a Rutgajzer, Valerij Maksovič